Formulation and Stoichiometry. A Review of Fundamental Chemistry /

Kaydedildi:
Detaylı Bibliyografya
Yazar: Margolis, Emil J. (autor)
Materyal Türü: Kitap
Dil:İngilizce
Baskı/Yayın Bilgisi: Nueva York, EUA : Meredith, 1968
Konular:
Etiketler: Etiketle
Etiket eklenmemiş, İlk siz ekleyin!

MARC

LEADER 00000nam^a2200000^a^4500
001 000014011
005 20250521000000.0
009 20260310083923.755
037 |a Acervo ITESO - Biblioteca 
041 |a ING 
082 |a 546.  |b MAR 
100 |a Margolis, Emil J.  |e (autor) 
245 1 0 |a Formulation and Stoichiometry. A Review of Fundamental Chemistry /  |c E.J. Margolis. 
264 1 |a Nueva York, EUA :  |b Meredith,  |c 1968 
300 |a 221 p. 
336 |a texto  |b txt  |2 rdacontenido 
337 |a sin mediación  |b n  |2 rdamedio 
338 |a volumen  |b nc  |2 rdasoporte 
649 |a XX 
650 |a Química Inorgánica 
910 |a Fondo General 
920 |a Impresos - Libros 
930 |a Colección General 
905 |a 101 
901 |a 0140110100  |b IT1  |c ACC  |i 014011  |u 20250521 
902 |a https://opac.biblio.iteso.mx/vufind/Record/000014011